000
00262nam a2200109Ia 4500
008
190216s9999||||xx |||||||||||||| ||und||
100
_a
Chandekar.A.R-Deshpande.V.D
245
0
_a
Statistical Methods
260
_b
S Chand & Co
_c
1973
300
_a
488
942
_c
BK
999
_c
30575
_d
30575